<?xml version="1.0" encoding="UTF-8"?>
<record
    xmlns:xsi="http://www.w3.org/2001/XMLSchema-instance"
    xsi:schemaLocation="http://www.loc.gov/MARC21/slim http://www.loc.gov/standards/marcxml/schema/MARC21slim.xsd"
    xmlns="http://www.loc.gov/MARC21/slim">

  <leader>01992nam a22003257a 4500</leader>
  <controlfield tag="003">OSt</controlfield>
  <controlfield tag="005">20210406142910.0</controlfield>
  <controlfield tag="008">210406s1958    mx ||||gr|||| 00| 0 spa d</controlfield>
  <datafield tag="020" ind1=" " ind2=" ">
    <subfield code="a">9789681602109</subfield>
  </datafield>
  <datafield tag="040" ind1=" " ind2=" ">
    <subfield code="a">CO-JMCR</subfield>
    <subfield code="c">CO-JMCR</subfield>
  </datafield>
  <datafield tag="041" ind1="1" ind2=" ">
    <subfield code="a">spa</subfield>
    <subfield code="h">eng</subfield>
  </datafield>
  <datafield tag="082" ind1="0" ind2="4">
    <subfield code="a">330.153 / </subfield>
    <subfield code="b">S642i</subfield>
    <subfield code="2">23</subfield>
  </datafield>
  <datafield tag="100" ind1="1" ind2=" ">
    <subfield code="a">Smith, Adam, </subfield>
    <subfield code="e">autor</subfield>
    <subfield code="9">1565</subfield>
  </datafield>
  <datafield tag="245" ind1="1" ind2="0">
    <subfield code="a">Investigaci&#xF3;n sobre la naturaleza y causas de la riqueza de las naciones / </subfield>
    <subfield code="c">Adam Smith ; edici&#xF3;n de Edwin Cannan ; introducci&#xF3;n de Max Lerner ; traducci&#xF3;n de Gabriel Franco</subfield>
  </datafield>
  <datafield tag="250" ind1=" " ind2=" ">
    <subfield code="a">Segunda edici&#xF3;n</subfield>
  </datafield>
  <datafield tag="260" ind1=" " ind2=" ">
    <subfield code="a">M&#xE9;xico : </subfield>
    <subfield code="b">Fondo de cultura econ&#xF3;mica, </subfield>
    <subfield code="c">1958</subfield>
  </datafield>
  <datafield tag="300" ind1=" " ind2=" ">
    <subfield code="a">lxxvi, 917 p&#xE1;ginas ; </subfield>
    <subfield code="c">24 cm.</subfield>
  </datafield>
  <datafield tag="490" ind1="0" ind2=" ">
    <subfield code="a">Econom&#xED;a</subfield>
  </datafield>
  <datafield tag="500" ind1=" " ind2=" ">
    <subfield code="a">Incluye &#xED;ndice anal&#xED;tico y bibliogr&#xE1;fico y notas a pie de p&#xE1;gina.</subfield>
  </datafield>
  <datafield tag="500" ind1=" " ind2=" ">
    <subfield code="a">T&#xED;tulo original: The Wealth of Nations</subfield>
  </datafield>
  <datafield tag="505" ind1="0" ind2=" ">
    <subfield code="a">De las causas del progreso en las facultades productivas del trabajo y del modo como un producto se distribuye naturalmente entre las diferentes clases de pueblo -- Sobre la naturaleza, acumulaci&#xF3;n y empleo del capital -- De los diferentes progresos de la opulencia en distintas naciones -- De los sistemas de econom&#xED;a pol&#xED;tica -- De los ingresos del Soberano o de la Rep&#xFA;blica</subfield>
  </datafield>
  <datafield tag="520" ind1="3" ind2=" ">
    <subfield code="a">De los a&#xF1;os transcurridos desde que apareci&#xF3; por primera vez investigaci&#xF3;n sobre la naturaleza y causas de la riqueza de las naciones (1776), sus argumentos no han perdido del todo su valor al ser aplicados a muchos de los problemas actuales. Su autor naci&#xF3; en el umbral de una nueva &#xE9;poca y su texto es la expresi&#xF3;n de las fuerzas que entonces actuaban para moderar una nueva y terrible especie: el homo oeconomicus, el hombre econ&#xF3;mico del mundo moderno.</subfield>
  </datafield>
  <datafield tag="546" ind1=" " ind2=" ">
    <subfield code="a">Traducido del ingl&#xE9;s.</subfield>
  </datafield>
  <datafield tag="650" ind1="1" ind2="4">
    <subfield code="a">Riqueza</subfield>
    <subfield code="x">Teor&#xED;a</subfield>
    <subfield code="9">36627</subfield>
  </datafield>
  <datafield tag="650" ind1="1" ind2="4">
    <subfield code="a">Capitalismo</subfield>
    <subfield code="9">36628</subfield>
  </datafield>
  <datafield tag="700" ind1="1" ind2=" ">
    <subfield code="a">Cannan, Edwin, </subfield>
    <subfield code="e">editor</subfield>
    <subfield code="9">4963</subfield>
  </datafield>
  <datafield tag="700" ind1=" " ind2=" ">
    <subfield code="a">Lerner, Max, </subfield>
    <subfield code="e">introducci&#xF3;n</subfield>
    <subfield code="9">5967</subfield>
  </datafield>
  <datafield tag="700" ind1=" " ind2=" ">
    <subfield code="a">Franco, Gabriel, </subfield>
    <subfield code="e">traductor</subfield>
    <subfield code="9">5968</subfield>
  </datafield>
  <datafield tag="942" ind1=" " ind2=" ">
    <subfield code="2">ddc</subfield>
    <subfield code="c">BK</subfield>
  </datafield>
  <datafield tag="999" ind1=" " ind2=" ">
    <subfield code="c">15518</subfield>
    <subfield code="d">15518</subfield>
  </datafield>
  <datafield tag="952" ind1=" " ind2=" ">
    <subfield code="0">0</subfield>
    <subfield code="1">0</subfield>
    <subfield code="2">ddc</subfield>
    <subfield code="4">0</subfield>
    <subfield code="7">0</subfield>
    <subfield code="8">NFIC</subfield>
    <subfield code="a">CPL</subfield>
    <subfield code="b">CPL</subfield>
    <subfield code="d">2020-10-02</subfield>
    <subfield code="e">Donaci&#xF3;n</subfield>
    <subfield code="l">2</subfield>
    <subfield code="m">2</subfield>
    <subfield code="o">330.153 /  S642i</subfield>
    <subfield code="p">201811021</subfield>
    <subfield code="r">2024-05-16 00:00:00</subfield>
    <subfield code="s">2023-03-03</subfield>
    <subfield code="t">Ej.1</subfield>
    <subfield code="w">2021-04-06</subfield>
    <subfield code="y">BK</subfield>
  </datafield>
</record>
